000 00332nam a22001337a 4500
999 _c55004
_d55004
008 200204b ||||| |||| 00| 0 eng d
041 _aeng
080 _2043.3
_a043.3
082 _a043.3
100 _a0
101 _aBTH
245 _aKrahasimi i Zhvillimit të Rest API me JAVA (Spring) dhe C#
_cFejzullahu,Sh
942 _2udc
_cBK